000 00236nam a2200109Ia 4500
008 190216s9999||||xx |||||||||||||| ||und||
100 _aWhittem Hawkins L
245 0 _aCost Accounts
260 _bNull
_c1943
300 _a84p
942 _cBK
999 _c4444
_d4444